One teenager in ten writings by gay and lesbian youth

保存先:
書誌詳細
第一著者: Heron, Ann
フォーマット: 図書
言語:Undetermined
出版事項: Boston Alyson Publications 1983
主題:
オンライン・アクセス:http://lrc.tdmu.edu.vn/opac/search/detail.asp?aID=2&ID=31456
タグ: タグ追加
タグなし, このレコードへの初めてのタグを付けませんか!
Thư viện lưu trữ: Trung tâm Học liệu Trường Đại học Thủ Dầu Một
LEADER 00734nam a2200205Ia 4500
001 TDMU_31456
008 210410s9999 xx 000 0 und d
082 |a 305.26 
090 |b H206 
100 |a Heron, Ann 
245 0 |a One teenager in ten 
245 0 |b writings by gay and lesbian youth 
245 0 |c Ann Heron edited 
260 |a Boston 
260 |b Alyson Publications 
260 |c 1983 
300 |a 116 p. 
650 |a Gay teenagers Case studies  |z United States; Lesbian teenagers  |x Case studies  |z United States ; Đồng tính luyến ái  |x Nghiên cứu  |x Nam  |x Nữ 
856 |u http://lrc.tdmu.edu.vn/opac/search/detail.asp?aID=2&ID=31456 
980 |a Trung tâm Học liệu Trường Đại học Thủ Dầu Một